The Mentalist Episodes Full Series Quiz Stats

 Plays Quiz not verified by Sporcle

Challenge
Share
Tweet
Embed
Score 0/150 Timer 12:00
0 Plays Today
Season Episode Title % Correct
6.8Red John
82.8%
1.1Pilot
79.2%
1.11Red John's Friends
70.1%
1.2Red Hair and Silver Tape
68.3%
1.3Red Tide
65.2%
7.13White Orchids
65.2%
1.23Red John's Footsteps
63.3%
4.24The Crimson Hat
63.3%
2.23Red Sky in the Morning
61.5%
2.1Redemption
61.1%
3.1Red Sky at Night
60.6%
2.2118-5-4
60.2%
2.2The Scarlet Letter
59.3%
6.22Blue Bird
58.8%
7.1Nothing But Blue Skies
58.8%
3.23 + 3.24Strawberries and Cream
57.9%
7.10Nothing Gold Can Stay
57.9%
1.18Russet Potatoes
57.5%
3.10Jolly Red Elf
57.5%
6.9My Blue Heaven
57.5%
2.8His Red Right Hand
57%
1.12Red Rum
56.6%
1.17Carnelian Inc.
56.6%
2.22Red Letter
56.6%
5.5Red Dawn
56.6%
1.16Bloodshot
56.1%
1.19A Dozen Red Roses
56.1%
7.3Orange Blossom Ice Cream
56.1%
1.14Crimson Casanova
55.7%
2.3Red Badge
55.7%
2.6Black Gold and Red Blood
55.2%
7.7Little Yellow House
55.2%
3.9Red Moon
54.8%
5.2Devil's Cherry
54.8%
1.15Scarlett Fever
54.3%
4.15War of the Roses
54.3%
1.4Ladies in Red
53.8%
1.10Red Brick and Ivy
53.8%
1.22Blood Brothers
53.8%
3.6Pink Chanel Suit
53.8%
4.19Pink Champagne on Ice
53.8%
5.22Red John's Rules
53.8%
6.13Black Helicopters
53.8%
1.5Redwood
53.4%
2.4Red Menace
53.4%
7.12Brown Shag Carpet
53.4%
2.5Red Scare
52.9%
4.22So Long, and Thanks for All the Red Snapper
52.9%
2.16Code Red
52.5%
3.16Red Queen
52.5%
Season Episode Title % Correct
6.7The Great Red Dragon
52.5%
1.8The Thin Red Line
52%
3.19Every Rose Has Its Thorn
52%
4.1Scarlet Ribbons
52%
7.11Byzantium
52%
6.3Wedding in Red
51.6%
2.15Red Herring
51.1%
3.7Red Hot
51.1%
4.6Where in The World is Carmine O'Brien?
51.1%
6.10Green Thumb
51.1%
6.16Violets
51.1%
1.7Seeing Red
50.7%
2.11Rose-Colored Glasses
50.7%
4.3Pretty Red Balloon
50.7%
5.1The Red Glass Bead
50.7%
5.12Little Red Corvette
50.7%
1.9Flame Red
50.2%
4.2Little Red Book
50.2%
7.2The Greybar Hotel
50.2%
7.5The Silver Briefcase
50.2%
1.21Miss Red
49.8%
2.18Aingavite Baa
49.8%
1.6Red Handed
49.3%
4.10Fugue in Red
49.3%
3.5The Red Ponies
48.9%
3.15Red Gold
48.9%
3.20Redacted
48.9%
4.8Pink Tops
48.9%
6.6Fire and Brimstone
48.9%
2.7Red Bulls
48.4%
5.9Black Cherry
48.4%
5.20Red Velvet Cupcakes
48.4%
7.6Green Light
48.4%
3.11Bloodsport
48%
4.23Red Rover, Red Rover
48%
4.16His Thoughts Were Red Thoughts
47.1%
5.8Red Sails in the Sunset
47.1%
6.21Black Hearts
47.1%
2.13Redline
46.6%
5.19Red Letter Day
46.2%
6.15White as the Driven Snow
46.2%
1.20Red Sauce
45.7%
2.9A Price Above Rubies
45.7%
2.14Blood In, Blood Out
45.7%
4.21Ruby Slippers
45.7%
3.21Like a Redheaded Stepchild
45.2%
2.10Throwing Fire
44.8%
2.20Red All Over
44.8%
3.14Blood for Blood
44.8%
4.13Red is the New Black
44.8%
Season Episode Title % Correct
4.18Ruddy Cheeks
44.8%
4.20Something's Rotten in Redmund
44.8%
6.5The Red Tattoo
44.8%
6.11White Lines
44.8%
7.8The Whites of His Eyes
44.8%
4.7Blinking Red Light
44.3%
5.7If It Bleeds, It Leads
44.3%
5.16There Will Be Blood
44.3%
6.14Grey Water
44.3%
6.18Forest Green
44.3%
7.9Copper Bullet
44.3%
1.13Paint it Red
43.9%
3.4Red Carpet Treatment
43.9%
4.9The Redshirt
43.9%
3.12Bloodhounds
43.4%
3.13Red Alert
43.4%
4.12My Bloody Valentine
43.4%
6.1The Desert Rose
43.4%
5.6Cherry Picked
43%
5.15Red Lacquer Nail Polish
43%
6.12The Golden Hammer
43%
5.10Panama Red
42.5%
3.22Rhapsody in Red
42.1%
4.17Cheap Burgundy
42.1%
6.19Brown Eyed Girls
42.1%
6.20Il Tavolo Bianco
42.1%
3.8Ball of Fire
41.6%
5.17Red, White, and Blue
41.6%
6.17Silver Wings of Time
41.6%
4.14At First Blush
41.2%
5.14Red in Tooth and Claw
40.7%
7.4Black Market
40.7%
4.4Ring Around the Rosie
40.3%
6.2Black-Winged Redbird
39.8%
6.4Red Listed
39.4%
2.17The Red Box
38.9%
4.5Blood and Sand
38.9%
5.11Days of Wine and Roses
38%
5.21Red and Itchy
38%
2.19Blood Money
37.1%
3.2Cackle-Bladder Blood
36.2%
3.17Bloodstream
35.3%
4.11Always Bet on Red
35.3%
5.13The Red Barn
35.3%
3.18The Red Mile
34.4%
2.12Bleeding Heart
33%
5.18Behind the Red Curtain
30.8%
5.4Blood Feud
30.3%
5.3Not One Red Cent
29.9%
3.3The Blood on His Hands
29%

You're not logged in!

Compare scores with friends on all Sporcle quizzes.
OR
Log In

You Might Also Like...

Show Comments

Extras

Created Feb 27, 2015ReportNominate
Tags:episode, full, season

Top Quizzes Today


Score Distribution

Your Account Isn't Verified!

In order to create a playlist on Sporcle, you need to verify the email address you used during registration. Go to your Sporcle Settings to finish the process.

Report this User

Report this user for behavior that violates our Community Guidelines.

Details: